000 00535nam a22002057a 4500
999 _c1160
_d1160
003 OSt
005 20191106141207.0
008 150306b xxu||||| |||| 00| 0 eng d
020 _a9780443069642
040 _cDLC
082 _aWL 18 F958n 2008
100 _aGeraint Fuller
_93173
245 _aNeurological Examination Made Easy
250 _a4th ed.
260 _aLondon:
_bChurchill Livingstone;
_c2008.
300 _avii,247 p :
_bcol.ill,
_c24 cm.
504 _aIncludes index
650 _aNeurology
_92815
942 _2z
_cSLOAN